Overheads for SMEs at all-time high (Record no. 117751)
[ view plain ]
| 000 -LEADER | |
|---|---|
| fixed length control field | 01040cam a2200205 4500 |
| 001 - CONTROL NUMBER | |
| control field | WB@3612-69 |
| 008 - FIXED-LENGTH DATA ELEMENTS--GENERAL INFORMATION | |
| fixed length control field | 040722n2004 000 0 eng u |
| 035 ## - SYSTEM CONTROL NUMBER | |
| System control number | (Sirsi) u126898 |
| 245 ## - TITLE STATEMENT | |
| Title | Overheads for SMEs at all-time high |
| 260 ## - PUBLICATION, DISTRIBUTION, ETC. | |
| Date of publication, distribution, etc. | 2004 |
| 490 ## - SERIES STATEMENT | |
| Series statement | PKF Press Release |
| Volume/sequential designation | 15 July 2004 (1) |
| 520 ## - SUMMARY, ETC. | |
| Summary, etc. | PKF has published its latest "PKF SME index" which reports that input costs for small and medium-sized construction firms increased in the second quarter of 2004 to their highest ever level. According to the report, the continuing rise in the price of steel, oil, glass, bricks and other raw material pushed input costs up from an index score of 66.8 in the first quarter to 78.3 in the second quarter. The full report can be viewed, after registering, at http://www.pkf.co.uk/web/pkfweb.nsf/pagesbyID/ID06 432BB53266899780256ED2003DF4CA?OpenDocument. |
| 590 ## - LOCAL NOTE (RLIN) | |
| Local note | WB |
| 590 ## - LOCAL NOTE (RLIN) | |
| Local note | WB |
| 650 ## - SUBJECT ADDED ENTRY--TOPICAL TERM | |
| Topical term or geographic name entry element | SMES |
| 650 ## - SUBJECT ADDED ENTRY--TOPICAL TERM | |
| Topical term or geographic name entry element | CONSTRUCTION |
| 650 ## - SUBJECT ADDED ENTRY--TOPICAL TERM | |
| Topical term or geographic name entry element | STATISTICS |
| 690 ## - LOCAL SUBJECT ADDED ENTRY--TOPICAL TERM (OCLC, RLIN) | |
| Topical term or geographic name as entry element | BUILDING AND CONSTRUCTION-MARKET |
| 942 ## - ADDED ENTRY ELEMENTS (KOHA) | |
| Suppress in OPAC | 0 |
| Withdrawn status | Lost status | Source of classification or shelving scheme | Damaged status | Not for loan | Home library | Current library | Shelving location | Date acquired | Total Checkouts | Full call number | Barcode | Date last seen | Copy number | Price effective from | Koha item type |
|---|---|---|---|---|---|---|---|---|---|---|---|---|---|---|---|
| Dewey Decimal Classification | London | London | News article | 22/07/2004 | WB4028-02 | 126898-1001 | 06/08/2019 | 1 | 06/08/2019 | News article |